000 01370nam a2200433 i 4500
001 14591
003 KOSZ 005
005 20200715105235.0
008 200403s1972 pl f d 000 0 pol
015 _aPB 1972/6398
035 _a(OCoLC)830883396
040 _aWA N
_cWA N
_dKOSZ 005/EG
_dKOSZ 005/RW
046 _k1972
080 _a62
080 _a66/69
080 _a51/57
080 _a(03)
245 0 0 _aLeksykon naukowo-techniczny /
_c[opracowanie Sergiusz Czerni et al.].
260 _aWarszawa :
_bWydawnictwa Naukowo-Techniczne,
_c1972.
300 _a[8], 691, [1] stron ;
_c25 cm.
336 _aTekst
_btxt
_2rdacontent
337 _aBez urządzenia pośredniczącego
_bn
_2rdamedia
338 _aWolumin
_bnc
_2rdacarrier
380 _aKsiążki.
380 _aPublikacje informacyjne
380 _aPublikacje fachowe
388 1 _a1901-2000
388 1 _a1945-1989
500 _aDruk dwułamowy.
504 _aWykaz norm na stronach [688]-691.
650 7 _aTechnika
650 7 _aNauki przyrodnicze
655 7 _aEncyklopedia
658 _aInżynieria i technika
700 1 _aCzerni, Sergiusz
_eOpracowanie
710 2 _aWydawnictwa Naukowo-Techniczne
_4pbl
856 _uhttp://koha.tu.koszalin.pl/cgi-bin/koha/opac-detail.pl?biblionumber=14591
_yKatalog online BPK
942 _2UKD
_cKS
999 _c14591
_d14591